000 00597nam a22002297a 4500
003 UA-OsUOA
001 100228
007 ta
008 20130523b un ||||| |||| 00| 0 ukr d
100 _aТряпкин Н.
090 _a821.161.1
_bТ80
942 _cBK
040 _aUA-OsUOA
_brus
_cUA-OsUOA
_dUA-OsUOA
245 _aСтихотворения
300 _a384 с.
955 _a3
041 _arus
080 _a821.161.1
260 _aМ.
_bСоветская Россия
_c1977
650 7 _a82 Література. Літературознавство
_2UDC
999 _c386467
_d386467